| 000 | 00487nam a2200205Ia 4500 | ||
|---|---|---|---|
| 008 | 160418s9999 xx 000 0 und d | ||
| 020 | _a978-971-9941-05-7 | ||
| 050 | _aFIL D 24 | ||
| 050 | _b.P36 2011 | ||
| 100 | _aPante, Michael D. | ||
| 245 | _aWorld history / | ||
| 245 | _cMichael D. Pante. | ||
| 260 | _aQuezon City: | ||
| 260 | _bIbon Books, | ||
| 260 | _c2011 | ||
| 300 | _a385 pages : | ||
| 300 | _billustrations ; | ||
| 300 | _c25 cm. | ||
| 650 | _aWorld history. | ||
| 999 |
_c293629 _d293629 |
||